Verdadero o Falso Real Madrid - Estadísticas

Estadísticas generales
  • Esta prueba ha sido intentada 113 veces
  • La puntuación promedio es 12 de 20
Estadísticas de respuestas
Pregunta Respuesta % Correcto
Cristiano es el máximo goleador de su historia. Verdadero
95%
Es el equipo con más ligas españolas. Verdadero
93%
Es el equipo con más Copas del Rey. Falso
92%
En sus filas han jugado los únicos futbolistas en la historia en ganar 6 Champions. Verdadero
92%
Siempre ha sido el equipo con más Champions League tras la primera edición. Verdadero
88%
Ningún no español ha jugado más de 500 partidos. Falso
83%
El club fue fundado un 6 de marzo de 1902. Verdadero
76%
La temporada con más participaciones en goles de Gareth Bale se dió en el Real Madrid, no en el Tottenham. Verdadero
72%
Kylian Mbappé ha superado en goles con el Real Madrid a las últimas 4 temporadas de Gareth Bale sumadas. Verdadero
63%
Iker Casillas es el jugador con más partidos de su historia. Falso
61%
Puskas tiene mejor promedio goleador con el Real Madrid que Messi con el Barcelona. Verdadero
53%
Solo Di Stéfano, Benzema y Cristiano han superado los 350 goles con el club. Falso
52%
Los 5 defensas con más goles en la historia de LaLiga son Koeman y 4 exjugadores del Real Madrid. Verdadero
52%
Luis de la Fuente es, desde 2008, el único seleccionador español que no ha jugado en el Real Madrid. Falso
49%
El Real Madrid ganó más de la mitad de ligas disputadas durante el franquismo. Falso
47%
Modric tiene más partidos con el Real Madrid que Xavi con el Barcelona. Falso
41%
El peor promedio goleador de Cristiano Ronaldo en una temporada en el Real Madrid supera al promedio de 11 temporadas distintas de Messi en el Barcelona. Verdadero
39%
Solo 6 entrenadores han ganado la Champions con el Real Madrid. Falso
38%
Puskas anóto 4 goles en la final de Champions de 1958. Falso
28%
En el Real Madrid han jugado más franceses que argentinos. Falso
14%
No se encontraron pruebas coincidentes
Distribución de puntuación
Porcentaje de gente con cada puntuación
Porcentaje por número respondido
Historial de tus puntuaciones
No has intentado esta prueba.